2025-2026 NFL RB1s - Statistics

General Stats
  • This quiz has been taken 694 times
  • The average score is 26 of 32
Answer Stats
Division Team Answer % Correct
NFC East Eagles Saquon Barkley
98%
AFC North Ravens Derrick Henry
93%
NFC West 49ers Christian McCaffrey
92%
NFC North Lions Jahmyr Gibbs
92%
AFC East Bills James Cook
90%
NFC West Rams Kyren Williams
90%
NFC South Falcons Bijan Robinson
89%
NFC East Cowboys Javonte Williams
89%
NFC North Packers Josh Jacobs
88%
AFC East Dolphins De'Von Achane
87%
AFC East Jets Breece Hall
86%
AFC South Colts Johnathan Taylor
85%
NFC North Vikings Aaron Jones Sr.
84%
NFC South Saints Alvin Kamara
84%
AFC North Bengals Chase Brown
83%
NFC North Bears D'Andre Swift
83%
AFC West Chiefs Isiah Pacheco
83%
NFC West Seahawks Kenneth Walker III
83%
AFC West Raiders Ashton Jeanty
82%
NFC South Buccaneers Bucky Irving
82%
NFC South Panthers Chuba Hubbard
79%
AFC East Patriots Rhamondre Stevenson
78%
AFC South Texans Nick Chubb
77%
AFC South Jaguars Travis Etienne Jr.
77%
NFC East Giants Tyrone Tracy Jr.
76%
NFC West Cardinals James Conner
75%
AFC West Chargers Omarion Hampton
72%
AFC South Titans Tony Pollard
72%
AFC North Steelers Jaylen Warren
68%
AFC West Broncos J.K. Dobbins
66%
NFC East Commanders Austin Ekeler
63%
AFC North Browns Jerome Ford
52%
No matching quizzes found
Score Distribution
Percent of People with Each Score
Percentile by Number Answered
Your Score History
You have not taken this quiz